| 000 | 00457cam a2200181ua 4500 | ||
|---|---|---|---|
| 003 | OSt | ||
| 008 | 230506b |||||||| |||| 00| 0 eng d | ||
| 020 | _a81-224-0758-7 | ||
| 020 | _a9789395161510 | ||
| 041 | _aeng | ||
| 082 |
_a630.51 _bRAN/TE |
||
| 100 |
_aRangaswamy, R . _95431 |
||
| 245 | _aTextbook of agricultural statistics / | ||
| 250 | _a1 / | ||
| 260 |
_aNew Delhi : _bNew Age International Ltd , _c1995. |
||
| 300 | _a488 ; . | ||
| 942 | _cBK | ||
| 999 |
_c1600 _d1600 |
||